Normal view
MARC view
- ATLAS OF THE SECOND WORLD WAR
Entry Topical Term
001 - CONTROL NUMBER
- control field: 76263
003 - CONTROL NUMBER IDENTIFIER
- control field: NUST
005 - DATE AND TIME OF LATEST TRANSACTION
- control field: 20210628205619.0
008 - FIXED-LENGTH DATA ELEMENTS
- fixed length control field: 210628|| aca||aabn | a|a d
040 ## - CATALOGING SOURCE
- Original cataloging agency: NUST
- Transcribing agency: NUST
150 ## - HEADING--TOPICAL TERM
- Topical term or geographic name entry element: ATLAS OF THE SECOND WORLD WAR
670 ## - SOURCE DATA FOUND
- Source citation: Work cat.: (NUST): Young, Peter 37932, Atlas of the second world war, 2004
